| 000 | 00564nam a2200193Ia 4500 | ||
|---|---|---|---|
| 005 | 20250326141731.0 | ||
| 008 | 250326s9999 xx 000 0 und d | ||
| 020 | _a81-85182-42-6 | ||
| 037 | _aTextbook | ||
| 040 |
_aFMSL _beng _cFMSL |
||
| 041 |
_aeng _2eng |
||
| 084 |
_aX8(F555) N0 _qFMSL |
||
| 100 |
_aRaju K Venugopal K _9744982 |
||
| 245 | 0 |
_aPetrodollar and its impact on the world economy _cRaju K Venugopal K |
|
| 260 |
_aNew Delhi _bNew Delhi, Indus _c1990 |
||
| 300 | _a422p | ||
| 942 |
_cTB _hX8(F555) N0 |
||
| 999 |
_c1291715 _d1291715 |
||